Welcome to WEB OPAC of MRSPTU Central Library

Introduction to Fiber Optics (Record no. 6768)

MARC details
000 -LEADER
fixed length control field 00443nam a2200181Ia 4500
008 - FIXED-LENGTH DATA ELEMENTS--GENERAL INFORMATION
fixed length control field 230711s9999||||xx |||||||||||||| ||und||
020 ## - INTERNATIONAL STANDARD BOOK NUMBER
International Standard Book Number 978-1-316-64401-0
041 ## - LANGUAGE CODE
Language code of text/sound track or separate title ENG
082 ## - DEWEY DECIMAL CLASSIFICATION NUMBER
Classification number 621.3692
Item number GH-I
100 ## - MAIN ENTRY--PERSONAL NAME
Personal name Ghatak,Ajoy
245 #0 - TITLE STATEMENT
Title Introduction to Fiber Optics
250 ## - EDITION STATEMENT
Edition statement 1st Ed.
260 ## - PUBLICATION, DISTRIBUTION, ETC.
Date of publication, distribution, etc. 1998
Place of publication, distribution, etc. New Delhi
Name of publisher, distributor, etc. Cambridge University Press
300 ## - PHYSICAL DESCRIPTION
Extent 562p.
650 ## - SUBJECT ADDED ENTRY--TOPICAL TERM
Topical term or geographic name entry element Physics
700 ## - ADDED ENTRY--PERSONAL NAME
Personal name Thyagarajan,K
942 ## - ADDED ENTRY ELEMENTS (KOHA)
Koha item type Book
Holdings
Withdrawn status Lost status Damaged status Not for loan Collection Home library Current library Date acquired Source of acquisition Cost, normal purchase price Inventory number Total checkouts Full call number Barcode Date last seen Price effective from Koha item type
          MRSPTU Central Library MRSPTU Central Library 11/02/2043 Krishna Book Distributors 595.00 KBD/2017-2018/1020143059   621.3692 GH-I 40271 08/17/2023 08/17/2023 Book
          MRSPTU Central Library MRSPTU Central Library 11/02/2043 Krishna Book Distributors 595.00 KBD/2017-2018/1020143059   621.3692 GH-I 40272 08/17/2023 08/17/2023 Book
          MRSPTU Central Library MRSPTU Central Library 11/02/2043 Krishna Book Distributors 595.00 KBD/2017-2018/1020143059   621.3692 GH-I 40273 08/17/2023 08/17/2023 Book
          MRSPTU Central Library MRSPTU Central Library 11/02/2043 Krishna Book Distributors 595.00 KBD/2017-2018/1020143059   621.3692 GH-I 40274 08/17/2023 08/17/2023 Book
          MRSPTU Central Library MRSPTU Central Library 11/02/2043 Krishna Book Distributors 595.00 KBD/2017-2018/1020143059   621.3692 GH-I 40275 08/17/2023 08/17/2023 Book

Website Designed and Developed by MRSPTU Central Library Team

E-mail Id: librarian@mrsptu.ac.in